=LDR 00000nam 2200000 4500 =001 INLIS000000000025703 =005 20130612124206 =008 ***********************************eng** =035 ##$$0010-061300000025703 =041 ##$$a eng =082 ##$$a 379.1 =090 ##$$a 379.1, FUT f =245 ##$$a The Future of Education, Editor, Louis Rubin =260 ##$$a 1975 $b Boston =300 ##$$a xi, 213 hlm., 23 cm =650 ##$$a Perencanaan Pendidikan =700 ##$$a Rubin, Louis =850 ##$$a NBPNMAT